000 00652nam a22002657a 4500
003 UA-OsUOA
001 26201
007 ta
008 20040520b un ||||| |||| 00| 0 ukr d
100 _aГаврилюк І.П.
700 _aМакаров В.Л.
090 _a512.64(075.8)
_bГ12
942 _cBK
040 _aUA-OsUOA
_bukr
_cUA-OsUOA
_dUA-OsUOA
245 _aМетоди обчислень
_bПідручник
300 _a431 с.
955 _a0
041 _aukr
080 _a512.64(075.8)
020 _a5-11-004029-Х
260 _aКиїв
_bВища школа
_c1995
044 _aUA
650 7 _2UDC
999 _c312517
_d312517